Riconosci la Stato degli Stati Uniti - Quiz n°9 - Statistics

Statistiche generali
  • Questo quiz è stato fatto 6 volte
  • Il punteggio medio è 8 su 10
Statistiche sulle risposte
Indizio Risposta % Corretto
Iniziale della Capitale C
100%
Superficie 116 099 km²
83%
Popolazione 11 689 442 ab.
83%
Fuso orario UTC-5
83%
Altitudine 139 - 472 m s.l.m.
67%
Rappresentanza parlamentare 15 Rappresentanti: 10 R, 5 D 2 Senatori: Sherrod Brown (D), J. D. Vance (R)
67%
Data di istituzione 1º marzo 1803
67%
Numero stati confinanti 5
67%
Numero contee 88
67%
Stato federale Virginia
67%
Nessun quiz corrispondente trovato
Distribuzione punteggi
Percentuale di utenti per punteggio
Percentile per numero di risposta
I tuoi punteggi nel tempo
Non hai fatto questo quiz